Statistics for Name the 2021-2022 St. Louis Blues roster

Click here to take the quiz!

General Stats

  • This quiz has been taken 8 times
  • The average score is 10 of 24

Answer Stats

Answer% Correct
Brayden Schenn
83%
Vladimir Tarasenko
83%
Jordan Binnington
83%
Colton Parayko
67%
Jordan Kyrou
67%
Ryan O'Reilly
67%
Ville Husso
67%
Pavel Buchnevich
50%
Tyler Bozak
50%
Robert Bortuzzo
50%
David Perron
33%
Marco Scandella
33%
Robert Thomas
33%
Ivan Barbashev
33%
Justin Faulk
33%
Torey Krug
33%
Alexei Toropchenko
17%
Calle Rosen
17%
Brandon Saad
17%
Nick Leddy
17%
Niko Mikkola
17%
Logan Brown
0%
Mackenzie MacEachern
0%
Nathan Walker
0%

Score Distribution

Percentile by Number Answered

Percent of People with Each Score

Your Score History

You have not taken this quiz